Analýza a návrh efektívnych prvkov komunikačného mixu pre branding vín na Slovensku bakalárska práca
Enregistré dans:
| Auteur principal: | |
|---|---|
| Collectivité auteur: | |
| Autres auteurs: | |
| Format: | Livre |
| Langue: | slovaque |
| Publié: |
Bratislava
2014
|
| Tags: |
Pas de tags, Soyez le premier à ajouter un tag!
|
MARC
| LEADER | 00000nbm a2200000 4500 | ||
|---|---|---|---|
| 001 | 0188176 | ||
| 005 | 20170201100226.1 | ||
| 041 | 0 | |a slo | |
| 044 | |a SK | ||
| 245 | 1 | 0 | |a Analýza a návrh efektívnych prvkov komunikačného mixu pre branding vín na Slovensku |b bakalárska práca |c Juraj Kučera ; školiteľ: Zuzana Lukačovičová |
| 264 | 1 | |a Bratislava |c 2014 | |
| 300 | |a 55 s. | ||
| 100 | 1 | |a Kučera, Juraj | |
| 700 | 1 | |a Lukačovičová, Zuzana | |
| 710 | 2 | |a Obchodná fakulta EU. Katedra marketingu | |